The Population Explosion/ (Record no. 202029)
[ view plain ]
| 000 -LEADER | |
|---|---|
| fixed length control field | 00551nam a22001937a 4500 |
| 005 - DATE AND TIME OF LATEST TRANSACTION | |
| control field | 20240409152654.0 |
| 010 ## - LCCN (DPL NO) | |
| LC control number | B-758629 |
| 020 ## - INTERNATIONAL STANDARD BOOK NUMBER | |
| Terms of availability | 509.95 |
| International Standard Book Number | 0671732943 |
| 035 ## - SYSTEM CONTROL NUMBER | |
| System control number | B-758629 |
| 037 ## - SOURCE OF ACQUISITION | |
| Source of stock number/acquisition | Gift/Unesco |
| 082 ## - DEWEY DECIMAL CLASSIFICATION NUMBER | |
| Classification number | 301.32 |
| 100 ## - MAIN ENTRY--PERSONAL NAME | |
| Personal name | Ehrlich, Paul R. |
| 245 ## - TITLE STATEMENT | |
| Title | The Population Explosion/ |
| Statement of responsibility, etc | Paul R. Ehrlich[and] Anne H. Ehrlich |
| 260 ## - PUBLICATION, DISTRIBUTION, ETC. (IMPRINT) | |
| Place of publication, distribution, etc | New York |
| Name of publisher, distributor, etc | A Touchstone Book |
| 270 ## - ADDRESS | |
| Address | New York |
| 300 ## - PHYSICAL DESCRIPTION | |
| Extent | 320p.; |
| Dimensions | 21cm(pbk) |
| Other physical details | Index |
| 700 ## - ADDED ENTRY--PERSONAL NAME | |
| Personal name | Ehrlich, Anne H. |
| 9 (RLIN) | 64517 |
| 942 ## - ADDED ENTRY ELEMENTS (KOHA) | |
| Source of classification or shelving scheme | Dewey Decimal Classification |
| Item type | English Books |
| Classification part | 301.32 |
| Call number suffix | EHR |
| Withdrawn status | Lost status | Not for loan | Collection code | Home library | Current library | Date acquired | Source of acquisition | Cost, normal purchase price | Full call number | Barcode | Copy number | Cost, replacement price | Koha item type | Public note |
|---|---|---|---|---|---|---|---|---|---|---|---|---|---|---|
| Non-fiction | Ashok Vihar | Ashok Vihar | 09/04/2024 | Gift/4.4.24 | 509.95 | 301.32 EHR | B-758629 | 1 | 509.95 | English Books | Gift |
